Регионална библиотека "Любен Каравелов" - Русе

[Уич] Witch Вълшебни идеи - Как да имаш много приятели (Запис номер 103925)

MARC детайли
000 -Лидер
Контролно поле с фиксирана дължина 01803nam a2200409 c 4500
003 - Код на организацията, давaща контролен номер
Контролно поле BLK
005 - Дата и час на последна редакция
Контролно поле 20250802113402.0
008 - Елементи от данни с фиксирана дължина
fixed length control field 180409b bul|||||r ||||||| ||bul||
010 ## - Наследен системен номер
LC control number KNG00109009000
020 ## - Международен стандартен номер на книга ISBN
Международен стандартен номер на книга ISBN 954-446-747-5
020 ## - Международен стандартен номер на книга ISBN
Международен стандартен номер на книга ISBN 9789544467470
040 ## - Източник на каталожния запис
Идентификатор на билиотеката - собственик на записа BLK
041 ## - Код за език
Код за езика на текст/звукозапис или на отделно заглавие Български
Код за езика КДБФ Български
080 ## - УДК
Текстов определител УДК Афинитет, приятелство, любов, симпатия
УДК код - определител по УДК 316.647.2
УДК определител -053.5
УДК - код + определител 316.647.2-053.5
080 ## - УДК
Текстов определител УДК Психология на детската възраст. Интелектуално развитие на децата. Психически особености. Детски представи, описани в разкази
УДК код - определител по УДК 159.922.7
139 ## - Редно поле
Редна дума [Уич] Witch Вълшебни идеи - Как да имаш много приятели
Авторски знак Уих - У 44
245 10 - Сведения за заглавието
Заглавие [Уич] Witch Вълшебни идеи - Как да имаш много приятели
Редно поле (дума) прев. Светлана Николаева Комогорова.
257 ## - Страна на издаване
Страна на създаване/издаване Съединени американски щати
260 ## - Област на издателските данни
Име на издателя, разпространителя и проч. Егмонт България
Година на издаване 2003
Печатница София : Балкан прес
300 ## - Физическа характеристика
Страници 96 с.
Илюстрации и др. с ил.
Размери/Мащаб 18 см
380 ## - Жанр
Жанр Детска отраслова лит.
500 ## - Общи забележки
Забележка Ориг. загл. The Secret books - W.I.T.C.H. - frends. Изд. на Disney
650 #4 - Допълнително описание по предмет – тема
Основно описание – тема или топоним Деца - психология и възпитание
9 (RLIN) 247409
653 ## - Ключова дума – ненормативна
Ключова дума WITCH
653 ## - Ключова дума – ненормативна
Ключова дума УИЧ
653 ## - Ключова дума – ненормативна
Ключова дума детска литература
653 ## - Ключова дума – ненормативна
Ключова дума приятелство
700 ## - Други автори (авторска отговорност)
Лично име Комогорова, Светлана Николаева
9 (RLIN) 364272
852 ## - Местоположение
Форматна сигнатура Цб І 31353
856 4# - Електронен адрес и достъп
Електронен формат pdf - файл
Инструкция (цена за достъп) 0.00
Права за достъп disable
856 4# - Електронен адрес и достъп
Електронен формат pdf - файл
Инструкция (цена за достъп) 0.00
Права за достъп disable
999 ## - СИСТЕМНИ КОНТРОЛНИ НОМЕРА
Koha biblionumber 103925
Koha biblioitemnumber 103925
942 ## - АРТИКУЛИ
Вид на библиотечния материал Книги
Скрит в OPAC Не
Периодичен библиозапис Да
Koha issues (borrowed), all copies 3
944 ## - СЪЗДАВАНЕ И РЕДАКЦИЯ на ЗАПИСА
Създаване/Редакция Създаване
Дата на регистрацията/редакция 18.11.2003
Служител, извършил регистрацията/редакцията 30543
Статус, дата на статуса Ива Цветкова
944 ## - СЪЗДАВАНЕ И РЕДАКЦИЯ на ЗАПИСА
Създаване/Редакция Редакция
Дата на регистрацията/редакция 29.10.2004
999 ## - СИСТЕМНИ КОНТРОЛНИ НОМЕРА
Koha biblioitemnumber 103925
999 ## - СИСТЕМНИ КОНТРОЛНИ НОМЕРА
Koha biblioitemnumber 103925
Наличности
Код за отписване Код за изгубен артикул Източник на класификационната схема Код за повреда Коз за рестрикции Код за отдаване Артикулен № Име на библиотеката - собственик Име на библиотеката, в която се намира в момента Статус (Текущо местоположение) Дата на вписване в системата Местоположение - отдел Цена в лева Инвентарен номер Систематично азбучна сигнатура Баркод Номер на екземпляра Цена в евро Служебна бележка Служебен тип на артикула
  Не е изгубен Universal Decimal Classification Не е повреден без рестрикции заемане за дома 167860 Регионална библиотека "Любен Каравелов" Русе Регионална библиотека "Любен Каравелов" Русе Детски отдел 2003-11-18 Детски отдел 2.49 120000680156 ДН 1/У 44 120000680156 1 1.27 Дост: Pk Вид: Ф N: 8850 Дата: 13.11.2003 Дата инв: 07.08.2015 Бележки инв: Д2015 Книги
Изтеглен Не е изгубен Universal Decimal Classification Не е повреден без рестрикции заемане за дома 167861 Регионална библиотека "Любен Каравелов" Русе Регионална библиотека "Любен Каравелов" Русе Детски отдел 2003-11-18 Детски отдел 2.49 120000680158 ДН 1/У 44 120000680158 2 1.27 Дост: Pk Вид: Ф N: 8850 Дата: 13.11.2003 Дата инв: 07.08.2015 Бележки инв: Д2015 Книги
  Не е изгубен   Не е повреден без рестрикции ползва се в читалня 167862 Регионална библиотека "Любен Каравелов" Русе Регионална библиотека "Любен Каравелов" Русе Хранилище 2004-10-08 Хранилище 2.49 120000689139 Цб І 31353 120000689139 3 1.27 Дост: Dp Вид: Д N: 48 Дата: 19.11.2003 Книги
  Не е изгубен Universal Decimal Classification Не е повреден без рестрикции заемане за дома 754762 Регионална библиотека "Любен Каравелов" Русе Регионална библиотека "Любен Каравелов" Русе Детски отдел 2020-01-29 Детски отдел 2.49   ДН 1/У 44 120000842033   1.27   Книги
Vip Innovations Ltd, Rousse, Bulgaria 2025